| 000 | 00472nam a22001697a 4500 | ||
|---|---|---|---|
| 003 | CEME | ||
| 005 | 20210628205021.0 | ||
| 008 | 210204b xxu||||| |||| 00| 0 eng d | ||
| 020 | _a512.55 SER | ||
| 040 | _c. | ||
| 100 |
_aSerre, Jean -Pierre _959592 |
||
| 245 | _aLie algebras and lie groups,1964 lectures given at harvard university | ||
| 260 |
_aNEW YORK _bW.A. BENJAMIN _c1965 |
||
| 300 | _a278P | ||
| 650 |
_aLIE ALGEBRAS AND LIE GROUPS _973421 |
||
| 942 |
_cBK _2ddc |
||
| 999 |
_c579170 _d579170 |
||